Taxonomie Pokémon - Périssodactyles - Statistiques

Statistiques générales
  • Ce quiz a été pris 132 fois
    56 depuis la dernière actualisation
  • Le résultat moyen est 16 sur 19
Statistiques - réponses
Type de quiz Pokémon % Correct
Feu Galopa
98%
Psy Fée Galopa de Galar
98%
Sol Roche Rhinocorne
98%
Sol Roche Rhinoféros
98%
Feu Ponyta
96%
Psy Ponyta de Galar
96%
Sol Roche Rhinastoc
89%
Sol Tiboudet
87%
Électrik Zébibron
87%
Électrik Zéblitz
87%
Psy Hypnomade
85%
Spectre Spectreval
85%
Sol Bourrinos
83%
Eau Combat Keldeo
83%
Psy Soporifik
83%
Glace Blizzeval
80%
Psy Munna
46%
Psy Mushana
46%
Normal Arceus
30%
Aucun quiz correspondant
Distribution des résultats
% des personnes avec chaque résultat
Percentile par nombre de réponses
Votre historique - résultats
Vous n’avez pas pris ce quiz depuis la dernière actualisation